DBMS with PL/SQL Programming / (Record no. 190880)

MARC details
000 -LEADER
fixed length control field 00638nam a22002177a 4500
005 - DATE AND TIME OF LATEST TRANSACTION
control field 20220808162622.0
010 ## - LCCN (DPL NO)
LC control number ENG-134359
020 ## - INTERNATIONAL STANDARD BOOK NUMBER
Terms of availability 385.00
International Standard Book Number 9789394899162
035 ## - SYSTEM CONTROL NUMBER
System control number EN-117891
037 ## - SOURCE OF ACQUISITION
Source of stock number/acquisition DBAD/PUB
082 ## - DEWEY DECIMAL CLASSIFICATION NUMBER
Classification number 005.1
100 ## - MAIN ENTRY--PERSONAL NAME
Personal name Pandiaraj , M.
245 ## - TITLE STATEMENT
Title DBMS with PL/SQL Programming /
Statement of responsibility, etc M. Pandiraj [et all ]
260 ## - PUBLICATION, DISTRIBUTION, ETC. (IMPRINT)
Place of publication, distribution, etc Tamil Nadu
Name of publisher, distributor, etc Shanlax publications
Date of publication, distribution, etc 2022
270 ## - ADDRESS
Address 61, 66 T.P.K. main road, Vasantha nagar, madurai
City Tamil nadu
Postal code 625003
300 ## - PHYSICAL DESCRIPTION
Extent 187p.
Dimensions 24cm(pbk)
700 ## - ADDED ENTRY--PERSONAL NAME
Personal name C, Rajagopal
700 ## - ADDED ENTRY--PERSONAL NAME
Personal name K.Sridhran
700 ## - ADDED ENTRY--PERSONAL NAME
Personal name C. Prabu
942 ## - ADDED ENTRY ELEMENTS (KOHA)
Source of classification or shelving scheme Dewey Decimal Classification
Item type English Books
Classification part 005.1
Call number suffix DBM
Holdings
Withdrawn status Lost status Not for loan Collection code Home library Current library Date acquired Source of acquisition Cost, normal purchase price Full call number Barcode Copy number Cost, replacement price Koha item type
      Non-fiction Bawana Bawana 08/08/2022 DBAD/PUB 385.00 005.1 DBM EN-117891 1 385.00 English Books

© Delhi Public Library
Hit Counter
free hit counter